Введение в профессию "Преподаватель вуза". Трудовые функции преподавателя: учебник

Bibliografische gegevens
Coauteurs: Лига преподавателей высшей школы, Фонд президентских грантов, Золотые имена высшей школы
Andere auteurs: Ляпунцова Е. В. Елена Вячеславовна (редактор), Белозерова Ю. М. Юлия Михайловна
Samenvatting:Продолжение серии учебников «Введение в профессию "Преподаватель вуза"», подготовленных членами Лиги преподавателей высшей школы, включая победителей Всероссийского конкурса "Золотые Имена Высшей Школы", поддержанного Фондом президентских грантов и Министерством науки и высшего образования Российской Федерации. Лучшие преподаватели вузов России делятся своим опытом с будущими и начинающими коллегами. Раскрываются вопросы дидактики высшего образования, инновационных методов обучения, организации воспитательной и научной работы со студентами, психологических аспектов труда преподавателей, правовой ответственности. Соответствует ФГОС ВО последнего поколения.
Taal:Russisch
Gepubliceerd in: Москва, Кнорус, 2022
Reeks:Магистратура и аспирантура
Onderwerpen:
Formaat: Boek
KOHA link:https://koha.lib.tpu.ru/cgi-bin/koha/opac-detail.pl?biblionumber=347979

MARC

LEADER 00000nam0a2200000 4500
001 347979
005 20231102010046.0
010 |a 9785406091296 
035 |a (RuTPU)RU\TPU\book\379935 
090 |a 347979 
100 |a 20220913d2022 m y0rusy50 ca 
101 0 |a rus 
102 |a RU 
105 |a a j 001zy 
200 1 |a Введение в профессию "Преподаватель вуза". Трудовые функции преподавателя  |e учебник  |f Лига преподавателей высшей школы [и др.] ; под ред. Е. В. Ляпунцовой, Ю. М. Белозеровой 
210 |a Москва  |c Кнорус  |d 2022 
215 |a 458 с.  |c ил. 
225 1 |a Магистратура и аспирантура 
320 |a Библиогр.: с. 414-438 
330 |a Продолжение серии учебников «Введение в профессию "Преподаватель вуза"», подготовленных членами Лиги преподавателей высшей школы, включая победителей Всероссийского конкурса "Золотые Имена Высшей Школы", поддержанного Фондом президентских грантов и Министерством науки и высшего образования Российской Федерации. Лучшие преподаватели вузов России делятся своим опытом с будущими и начинающими коллегами. Раскрываются вопросы дидактики высшего образования, инновационных методов обучения, организации воспитательной и научной работы со студентами, психологических аспектов труда преподавателей, правовой ответственности. Соответствует ФГОС ВО последнего поколения. 
606 1 |a Преподаватели  |x Высшие учебные заведения  |2 stltpush  |3 (RuTPU)RU\TPU\subj\68870  |9 83969 
610 1 |a высшее образование 
610 1 |a вузы 
610 1 |a дидактика 
610 1 |a учебные дисциплины 
610 1 |a преподавание 
610 1 |a организационно-педагогическое сопровождение 
610 1 |a профориентационные мероприятия 
610 1 |a индивидуальные образовательные траектории 
610 1 |a воспитательная деятельность 
610 1 |a студенческие олимпиады 
610 1 |a профессиональное ориентирование 
610 1 |a научная деятельность 
610 1 |a профессиональное саморазвитие 
610 1 |a эмоциональный интеллект 
610 1 |a интеллектуальная компетентность 
610 1 |a профессиональная деформация 
610 1 |a безопасность 
610 1 |a студенты 
610 1 |a здоровьесбережение 
610 1 |a социальные гарантии 
610 1 |a антикоррупционная деятельность 
610 1 |a охрана труда 
610 1 |a учебники 
686 |a Ч481.42я73  |v LBC/SL-A  |2 rubbk 
702 1 |a Ляпунцова  |b Е. В.  |g Елена Вячеславовна  |4 340 
702 1 |a Белозерова  |b Ю. М.  |g Юлия Михайловна  |4 340 
712 0 2 |a Лига преподавателей высшей школы  |c Межрегиональная общественная организация  |c (Москва)  |2 stltpush  |3 (RuTPU)RU\TPU\col\25097  |9 28476 
712 0 2 |a Фонд президентских грантов  |c (Москва)  |2 stltpush  |3 (RuTPU)RU\TPU\col\25098  |9 28477 
712 0 2 |a Золотые имена высшей школы  |c (Москва) 
801 1 |a RU  |b 63413507  |c 20220913 
801 2 |a RU  |b 63413507  |c 20221025  |g RCR 
942 |c BK 
959 |a 16/20220913  |d 1  |e 2034,00  |f ЧЗТЛ:1